Sử thi thần thoại Mường
Sử thi thần thoại Mường qua cái nhìn học giả. Nội dung thần thoại và giá trị nội dung nghệ thuật của sử thi thần thoại mường. Tìm hiểu quá trình diễn xướng của thần thoại và sử thi Mường. Đẻ đất đẻ nước là sử thi thần thoại....
Saved in:
| Main Author: | |
|---|---|
| Format: | Book |
| Language: | Vietnamese |
| Published: |
H.
Văn hóa thông tin
2013
|
| Series: | ĐTTS ghi: Hội Văn nghệ dân gian Việt Nam
|
| Subjects: | |
| Tags: |
Add Tag
No Tags, Be the first to tag this record!
|
| Institutions: | Mạng thư viện Đại học Đà Nẵng |
|---|
| LEADER | 01786nam a2200385 4500 | ||
|---|---|---|---|
| 001 | 000019549 | ||
| 003 | 15984 | ||
| 005 | 20140815090845.0 | ||
| 008 | 140617s2013 viesd | ||
| 041 | 0 | |a vie | |
| 082 | 1 | 4 | |a 398.20899592 |b TR-H |
| 100 | 1 | |a Trương Sĩ Hùng | |
| 245 | 1 | 0 | |a Sử thi thần thoại Mường |c Trương Sĩ Hùng |
| 260 | |a H. |b Văn hóa thông tin |c 2013 | ||
| 300 | |a 359 tr. |c 21 cm. | ||
| 490 | |a ĐTTS ghi: Hội Văn nghệ dân gian Việt Nam | ||
| 504 | |a Thư mục: tr. 356-359 | ||
| 520 | 3 | |a Sử thi thần thoại Mường qua cái nhìn học giả. Nội dung thần thoại và giá trị nội dung nghệ thuật của sử thi thần thoại mường. Tìm hiểu quá trình diễn xướng của thần thoại và sử thi Mường. Đẻ đất đẻ nước là sử thi thần thoại. | |
| 650 | 0 | 4 | |a Văn học dân gian |x Dân tộc Mường |x Nghiên cứu |z Việt Nam |
| 653 | |a Văn học dân gian | ||
| 653 | |a Dân tộc Mường | ||
| 653 | |a Sử thi thần thoại | ||
| 653 | |a Sử thi Mường | ||
| OWN | |a LSP | ||
| AVA | |a UDN50 |b LNN |d 398.20899592 TR-H |e available |t Error 5001 Not defined in file expand_doc_bib_avail. |f 1 |g 0 |h N |i 0 | ||
| AVA | |a UDN50 |b LSP |d 398.20899592 TR-H |e available |t Error 5001 Not defined in file expand_doc_bib_avail. |f 1 |g 0 |h N |i 0 |k 1 | ||
| 999 | |a From the UDN01 | ||
| AVA | |a UDN50 |b LNN |d 398.20899592 TR-H |e available |t Error 5001 Not defined in file expand_doc_bib_avail. |f 1 |g 0 |h N |i 0 | ||
| AVA | |a UDN50 |b LSP |d 398.20899592 TR-H |e available |t Error 5001 Not defined in file expand_doc_bib_avail. |f 1 |g 0 |h N |i 0 |k 1 | ||
| TYP | |a Monograph | ||
| TYP | |a Printed language | ||
| 980 | |a Mạng thư viện Đại học Đà Nẵng | ||